| 000 | 016500000a22003490004500 | ||
|---|---|---|---|
| 003 | EG-GICUC | ||
| 005 | 20250223025137.0 | ||
| 008 | 080124s2007 ua a f m 000 0 eng d | ||
| 040 |
_aEG-GICUC _beng _cEG-GICUC |
||
| 041 | 0 | _aEng | |
| 049 | _aDeposite | ||
| 097 | _aM.Sc | ||
| 099 | _aCai01.11.14.M.Sc.2007.Mo.C | ||
| 100 | 0 | _aMohamed Mostafa Ismail | |
| 245 | 1 | 0 |
_aCombined carotid endarterctomy and coronary surgery : _bStaged versus concomitant carotid and coronary surgery / _cMohamed Mostafa Ismail ; Supervised Khalid Mohamed Elhindawy , Ehab Mohamed Elshihy , Mohamed Elmaadawy |
| 246 | 1 | 5 |
_aاجراء الجراحة المشتركة بين تقشير الشريان السباتى و ترقيع الشرايين التاجية : _bجراحة مرحلية مقارنة بجراحة متزامنة |
| 260 |
_aCairo : _bMohamed Mostafa Ismail , _c2007 |
||
| 300 |
_a80P. : _bill ; _c25cm |
||
| 502 | _aThesis (M.Sc.) - Cairo University - Faculty Of Medicine - Department Of General Surgery | ||
| 520 | _aSurgical treatment of concomitant coronary and carotid disease if controversial.Studies comparing stage versus combined coronary artery bypass grafting and carotid endarterectomy (CABG\\CEA) report varying and often conflicting operative results | ||
| 530 | _aIssued also as CD | ||
| 653 | 4 | _aCABG | |
| 653 | 4 | _aCEA | |
| 653 | 4 | _aStroke | |
| 700 | 0 |
_aEhab Mohamed Elshihy , _eSupervisor |
|
| 700 | 0 |
_aKhalid Mohamed Elhindawy , _eSupervisor |
|
| 700 | 0 |
_aMohamed Elmaadawy , _eSupervisor |
|
| 856 | _uhttp://172.23.153.220/th.pdf | ||
| 905 |
_aEsam _eRevisor |
||
| 905 |
_aNazla _eCataloger |
||
| 942 |
_2ddc _cTH |
||
| 999 |
_c6563 _d6563 |
||